<?xml version="1.0" encoding="UTF-8"?>
<record
    xmlns:xsi="http://www.w3.org/2001/XMLSchema-instance"
    xsi:schemaLocation="http://www.loc.gov/MARC21/slim http://www.loc.gov/standards/marcxml/schema/MARC21slim.xsd"
    xmlns="http://www.loc.gov/MARC21/slim">

  <leader>00359nam a22001577a 4500</leader>
  <controlfield tag="003">OSt</controlfield>
  <controlfield tag="005">20250908145205.0</controlfield>
  <controlfield tag="007">526 pages</controlfield>
  <controlfield tag="008">250908b        |||||||| |||| 00| 0 eng d</controlfield>
  <datafield tag="020" ind1=" " ind2=" ">
    <subfield code="a">9789355517555</subfield>
  </datafield>
  <datafield tag="040" ind1=" " ind2=" ">
    <subfield code="c"> </subfield>
  </datafield>
  <datafield tag="245" ind1=" " ind2=" ">
    <subfield code="a">Let us JAVA</subfield>
    <subfield code="c">kanetkar,Yashavant</subfield>
  </datafield>
  <datafield tag="250" ind1=" " ind2=" ">
    <subfield code="a">7</subfield>
  </datafield>
  <datafield tag="260" ind1=" " ind2=" ">
    <subfield code="b">BPB</subfield>
    <subfield code="c">2025</subfield>
  </datafield>
  <datafield tag="942" ind1=" " ind2=" ">
    <subfield code="2">ddc</subfield>
    <subfield code="c">BK</subfield>
    <subfield code="e">7</subfield>
    <subfield code="k">005.133</subfield>
    <subfield code="m">KAN</subfield>
    <subfield code="n">0</subfield>
  </datafield>
  <datafield tag="999" ind1=" " ind2=" ">
    <subfield code="c">36252</subfield>
    <subfield code="d">36252</subfield>
  </datafield>
  <datafield tag="952" ind1=" " ind2=" ">
    <subfield code="0">0</subfield>
    <subfield code="1">0</subfield>
    <subfield code="2">ddc</subfield>
    <subfield code="4">0</subfield>
    <subfield code="7">0</subfield>
    <subfield code="8">Computers</subfield>
    <subfield code="a">1234</subfield>
    <subfield code="b">1234</subfield>
    <subfield code="d">2025-09-08</subfield>
    <subfield code="g">399.00</subfield>
    <subfield code="i">AO/25/8/360 dt 1.9.2025</subfield>
    <subfield code="l">0</subfield>
    <subfield code="o">005.133/KAN</subfield>
    <subfield code="p">26814</subfield>
    <subfield code="r">2025-09-08</subfield>
    <subfield code="w">2025-09-08</subfield>
    <subfield code="y">BK</subfield>
  </datafield>
  <datafield tag="952" ind1=" " ind2=" ">
    <subfield code="0">0</subfield>
    <subfield code="1">0</subfield>
    <subfield code="2">ddc</subfield>
    <subfield code="4">0</subfield>
    <subfield code="7">0</subfield>
    <subfield code="8">Computers</subfield>
    <subfield code="a">1234</subfield>
    <subfield code="b">1234</subfield>
    <subfield code="d">2025-09-08</subfield>
    <subfield code="g">399.00</subfield>
    <subfield code="i">AO/25/8/360 dt 1.9.2025</subfield>
    <subfield code="l">0</subfield>
    <subfield code="o">005.133/KAN</subfield>
    <subfield code="p">26815</subfield>
    <subfield code="r">2025-09-08</subfield>
    <subfield code="w">2025-09-08</subfield>
    <subfield code="y">BK</subfield>
  </datafield>
  <datafield tag="952" ind1=" " ind2=" ">
    <subfield code="0">0</subfield>
    <subfield code="1">0</subfield>
    <subfield code="2">ddc</subfield>
    <subfield code="4">0</subfield>
    <subfield code="7">0</subfield>
    <subfield code="8">Computers</subfield>
    <subfield code="a">1234</subfield>
    <subfield code="b">1234</subfield>
    <subfield code="d">2025-09-08</subfield>
    <subfield code="g">399.00</subfield>
    <subfield code="i">AO/25/8/360 dt 1.9.2025</subfield>
    <subfield code="l">0</subfield>
    <subfield code="o">005.133/KAN</subfield>
    <subfield code="p">26816</subfield>
    <subfield code="r">2025-09-08</subfield>
    <subfield code="w">2025-09-08</subfield>
    <subfield code="y">BK</subfield>
  </datafield>
  <datafield tag="952" ind1=" " ind2=" ">
    <subfield code="0">0</subfield>
    <subfield code="1">0</subfield>
    <subfield code="2">ddc</subfield>
    <subfield code="4">0</subfield>
    <subfield code="7">0</subfield>
    <subfield code="8">Computers</subfield>
    <subfield code="a">1234</subfield>
    <subfield code="b">CRCE</subfield>
    <subfield code="d">2025-09-08</subfield>
    <subfield code="g">399.00</subfield>
    <subfield code="i">AO/25/8/360 dt 1.9.2025</subfield>
    <subfield code="l">1</subfield>
    <subfield code="o">005.133/KAN</subfield>
    <subfield code="p">26817</subfield>
    <subfield code="q">2026-05-23</subfield>
    <subfield code="r">2026-05-13</subfield>
    <subfield code="s">2026-05-13</subfield>
    <subfield code="w">2025-09-08</subfield>
    <subfield code="y">BK</subfield>
  </datafield>
  <datafield tag="952" ind1=" " ind2=" ">
    <subfield code="0">0</subfield>
    <subfield code="1">0</subfield>
    <subfield code="2">ddc</subfield>
    <subfield code="4">0</subfield>
    <subfield code="7">0</subfield>
    <subfield code="8">Computers</subfield>
    <subfield code="a">1234</subfield>
    <subfield code="b">CRCE</subfield>
    <subfield code="d">2025-09-08</subfield>
    <subfield code="g">399.00</subfield>
    <subfield code="i">AO/25/8/360 dt 1.9.2025</subfield>
    <subfield code="l">2</subfield>
    <subfield code="o">005.133/KAN</subfield>
    <subfield code="p">26818</subfield>
    <subfield code="q">2026-06-04</subfield>
    <subfield code="r">2026-05-25</subfield>
    <subfield code="s">2026-05-25</subfield>
    <subfield code="w">2025-09-08</subfield>
    <subfield code="y">BK</subfield>
  </datafield>
  <datafield tag="952" ind1=" " ind2=" ">
    <subfield code="0">0</subfield>
    <subfield code="1">0</subfield>
    <subfield code="2">ddc</subfield>
    <subfield code="4">0</subfield>
    <subfield code="7">0</subfield>
    <subfield code="8">Computers</subfield>
    <subfield code="a">1234</subfield>
    <subfield code="b">1234</subfield>
    <subfield code="d">2025-09-08</subfield>
    <subfield code="g">399.00</subfield>
    <subfield code="i">AO/25/8/360 dt 1.9.2025</subfield>
    <subfield code="l">0</subfield>
    <subfield code="o">005.133/KAN</subfield>
    <subfield code="p">26819</subfield>
    <subfield code="r">2025-09-08</subfield>
    <subfield code="w">2025-09-08</subfield>
    <subfield code="y">BK</subfield>
  </datafield>
  <datafield tag="952" ind1=" " ind2=" ">
    <subfield code="0">0</subfield>
    <subfield code="1">0</subfield>
    <subfield code="2">ddc</subfield>
    <subfield code="4">0</subfield>
    <subfield code="7">0</subfield>
    <subfield code="8">Computers</subfield>
    <subfield code="a">1234</subfield>
    <subfield code="b">CRCE</subfield>
    <subfield code="d">2025-09-08</subfield>
    <subfield code="g">399.00</subfield>
    <subfield code="i">AO/25/8/360 dt 1.9.2025</subfield>
    <subfield code="l">1</subfield>
    <subfield code="o">005.133/KAN</subfield>
    <subfield code="p">26820</subfield>
    <subfield code="q">2026-06-04</subfield>
    <subfield code="r">2026-05-25</subfield>
    <subfield code="s">2026-05-25</subfield>
    <subfield code="w">2025-09-08</subfield>
    <subfield code="y">BK</subfield>
  </datafield>
  <datafield tag="952" ind1=" " ind2=" ">
    <subfield code="0">0</subfield>
    <subfield code="1">0</subfield>
    <subfield code="2">ddc</subfield>
    <subfield code="4">0</subfield>
    <subfield code="7">0</subfield>
    <subfield code="8">Computers</subfield>
    <subfield code="a">1234</subfield>
    <subfield code="b">CRCE</subfield>
    <subfield code="d">2025-09-08</subfield>
    <subfield code="g">399.00</subfield>
    <subfield code="i">AO/25/8/360 dt 1.9.2025</subfield>
    <subfield code="l">1</subfield>
    <subfield code="o">005.133/KAN</subfield>
    <subfield code="p">26821</subfield>
    <subfield code="q">2026-03-23</subfield>
    <subfield code="r">2025-12-23</subfield>
    <subfield code="s">2025-12-23</subfield>
    <subfield code="w">2025-09-08</subfield>
    <subfield code="y">BK</subfield>
  </datafield>
  <datafield tag="952" ind1=" " ind2=" ">
    <subfield code="0">0</subfield>
    <subfield code="1">0</subfield>
    <subfield code="2">ddc</subfield>
    <subfield code="4">0</subfield>
    <subfield code="7">0</subfield>
    <subfield code="8">Computers</subfield>
    <subfield code="a">1234</subfield>
    <subfield code="b">1234</subfield>
    <subfield code="d">2025-09-08</subfield>
    <subfield code="g">399.00</subfield>
    <subfield code="i">AO/25/8/360 dt 1.9.2025</subfield>
    <subfield code="l">0</subfield>
    <subfield code="o">005.133/KAN</subfield>
    <subfield code="p">26822</subfield>
    <subfield code="r">2025-09-08</subfield>
    <subfield code="w">2025-09-08</subfield>
    <subfield code="y">BK</subfield>
  </datafield>
  <datafield tag="952" ind1=" " ind2=" ">
    <subfield code="0">0</subfield>
    <subfield code="1">0</subfield>
    <subfield code="2">ddc</subfield>
    <subfield code="4">0</subfield>
    <subfield code="7">0</subfield>
    <subfield code="8">Computers</subfield>
    <subfield code="a">1234</subfield>
    <subfield code="b">CRCE</subfield>
    <subfield code="d">2025-09-08</subfield>
    <subfield code="g">399.00</subfield>
    <subfield code="i">AO/25/8/360 dt 1.9.2025</subfield>
    <subfield code="l">1</subfield>
    <subfield code="o">005.133/KAN</subfield>
    <subfield code="p">26823</subfield>
    <subfield code="r">2025-10-27</subfield>
    <subfield code="s">2025-10-27</subfield>
    <subfield code="w">2025-09-08</subfield>
    <subfield code="y">BK</subfield>
  </datafield>
</record>
